Every person mentioned in the Kendrick Lamar - Drake rap beef - Statistics

General Stats
  • This quiz has been taken 315 times
  • The average score is 36 of 120
Answer Stats
Song name Answer % Correct
Family Matters | Not Like Us | Push Ups | +3 others Drake
93%
Family Matters | Not Like Us | Push Ups | euphoria J. Cole
81%
Family Matters | Push Ups | Taylor Made Freestyle Kendrick Lamar
78%
Family Matters | Not Like Us Future
72%
Family Matters | Push Ups Metro Boomin
70%
Family Matters | Not Like Us | Taylor Made Freestyle | euphoria Tupac Shakur
59%
Family Matters | Not Like Us | Push Ups 21 Savage
54%
Family Matters | Push Ups | THE HEART PART 6 Rick Ross
48%
Taylor Made Freestyle Snoop Dogg
46%
Family Matters | Push Ups The Weeknd
46%
6:16 in LA | Family Matters | Like That | Push Ups Michael Jackson
44%
Push Ups Travis Scott
42%
meet the grahams Adonis Graham
41%
Family Matters | Like That Prince
38%
Push Ups SZA
38%
Like That Andre 3000
35%
Taylor Made Freestyle Taylor Swift
34%
Not Like Us Young Thug
34%
euphoria Pusha T
33%
Not Like Us 2 Chainz
32%
Not Like Us Lil Baby
31%
Family Matters | Not Like Us Lil Wayne
30%
meet the grahams Sandra Graham
30%
Not Like Us | Push Ups | euphoria Chubbs
27%
Not Like Us DJ Mustard
27%
Not Like Us Quavo
27%
Family Matters A$AP Rocky
25%
Family Matters | THE HEART PART 6 Dave Free
25%
meet the grahams Dennis Graham
25%
Not Like Us Baka Not Nice
24%
6:16 in LA | Not Like Us God
21%
THE HEART PART 6 Millie Bobby Brown
21%
Family Matters | euphoria Pharrell Williams
21%
Family Matters Rihanna
20%
euphoria YNW Melly
20%
Not Like Us John Stockton
19%
meet the grahams LeBron James
19%
euphoria Sean Combs / Diddy
19%
euphoria Gunna
18%
Not Like Us PARTYNEXTDOOR
18%
Family Matters | THE HEART PART 6 Whitney Alford
18%
Not Like Us Serena Williams
17%
Like That Grandmaster Melle Mel
16%
meet the grahams Stephen Curry
16%
Not Like Us Teezo Touchdown
16%
euphoria Lil Yachty
15%
6:16 in LA | Family Matters | Push Ups | +2 others Top Dawg
15%
Family Matters Baby Keem
13%
euphoria Sexyy Red
13%
Family Matters Chris Brown
12%
euphoria Andrew Jackson
10%
6:16 in LA DJ Akademiks
10%
Not Like Us DeMar DeRozan
9%
Family Matters YG
9%
Taylor Made Freestyle Beyoncé
8%
Not Like Us Deebo
8%
meet the grahams Katt Williams
8%
euphoria Terence Crawford
7%
Family Matters The Game
7%
euphoria Tommy Hilfiger
7%
Push Ups Whitney Houston
7%
meet the grahams Harvey Weinstein
6%
Like That 2TEEZ
5%
THE HEART PART 6 Jeffrey Epstein
5%
euphoria Joel Osteen
5%
Push Ups Kai Cenat
5%
Family Matters Kim Kardashian
5%
euphoria Benjamin Franklin
4%
Family Matters Bobby Brown
4%
euphoria Joe Biden
4%
6:16 in LA Zack Bia
4%
Family Matters Boi-1da
3%
Not Like Us Brad Gluckman
3%
6:16 in LA CashXO
3%
Family Matters Birdman
2%
Family Matters Duval Kojo Bankole Timothy
2%
6:16 in LA Kash Doll
2%
THE HEART PART 6 Mariah Carey
2%
THE HEART PART 6 R. Kelly
2%
Taylor Made Freestyle Joe Budden
1%
6:16 in LA Raphael
1%
THE HEART PART 6 1090 Jake
0%
6:16 in LA Estelle Oliver
0%
THE HEART PART 6 Fantasia Barrino
0%
Taylor Made Freestyle Howard Hughes
0%
No matching quizzes found
Score Distribution
Percent of People with Each Score
Percentile by Number Answered
Your Score History
You have not taken this quiz